Logo BPK

Biblioteka

Politechniki Koszalińskiej

Projektowanie nowo uruchamionej rytmicznej produkcji dla okresu jej rozwoju / (Rekord nr 20893)

Szczegóły MARC
000 -ETYKIETA REKORDU
podpole kontrolne o stałej długości 00402nam a2200145 i 4500
001 - NUMER KONTROLNY REKORDU
pole kontrolne bg
040 ## - ŹRÓDŁO KATALOGOWANIA
Instytucja, która utworzyła rekord BPK
041 ## - KOD JĘZYKA
Kod języka tekstu pol
080 ## - UNIWERSALNA KLASYFIKACJA DZIESIĘTNA - UKD
UKD 658.5::66/69
008 - POLE O STAŁEJ DŁUGOŚCI - DANE KONTROLNE
podpole kontrolne o stałej długości s pl f |000 0 pol
100 1# - NAZWA OSOBOWA
Nazwa osobowa BRZEZIŃSKI, Marek
Daty związane z nazwą (1949- ).
245 #0 - TYTUŁ/ODPOWIEDZIALNOŚĆ
Tytuł Projektowanie nowo uruchamionej rytmicznej produkcji dla okresu jej rozwoju /
Pozostałe elementy strefy tytułu i oznaczenia odpowiedzialności Marek Brzeziński.
260 ## - STREFA ADRESU WYDAWNICZEGO
Miejsce wydania Lublin,
Data publikacji, dystrybucji/powstania dokumentu 1982.
856 ## - LOKALIZACJA I DOSTĘP DO ELEKTRONICZNYCH DOKUMENTÓW ZDALNYCH
Link (URL) http://koha.tu.koszalin.pl/cgi-bin/koha/opac-detail.pl?biblionumber=20893
Tekst linku Katalog online BPK
942 ## - DODATKOWE ELEMENTY (KOHA)
Typ dokumentu Książka
Egzemplarze
Wycofany Status egzemplarza Uszkodzony Dostępność Lokalizacja stała Lokalizacja bieżąca Miejsce przechowywania Sygnatura Kod kreskowy Typ dokumentu
      Dostępny Biblioteka Politechniki Koszalińskiej Biblioteka Politechniki Koszalińskiej Wypożyczalnia BG 29376 01620689 Książka
© 2023 Biblioteka Politechniki Koszalińskiej :: KOHA